00338pab a2200133 454500008004000000100002100040245003700061260000900098300001100107362001100118650002400129700001700153773003400170180718b1990 xxu||||| |||| 00| 0 eng d aNarasimhan, Gita aAttitudes towards women managers c1990 a2451-2 a3 Nov. aWomen As Executives aLalitha Iyer aEconomic and Political Weekly